[Event "RUS-Cup10"]
[Site "Tomsk"]
[Date "1997.07.22"]
[Round "2"]
[White "Chigvintsev, Andrei"]
[Black "Kotsur, Pavel"]
[Result "1-0"]
[WhiteElo "2405"]
[BlackElo "2500"]
[Annotator "Yudasin,L"]
[PlyCount "65"]
[EventDate "1997.07.21"]
[EventType "swiss"]
[EventRounds "9"]
[EventCountry "RUS"]
[SourceTitle "EXT 2000"]
[Source "ChessBase"]
[SourceDate "1999.11.16"]
[SourceVersion "1"]
[SourceVersionDate "1999.11.16"]
[SourceQuality "1"]

1. e4 g6 2. d4 Bg7 3. Nc3 d6 4. Be3 c6 5. Qd2 b5 6. Bd3 a6 7. a4 Bb7 8. Nf3 Nf6
$2 $146 {let's white to start an attack on the kingside immediatly} (8... Nd7
9. O-O (9. axb5 cxb5 10. Ne2 Ngf6 11. Bh6 O-O (11... Nxe4 $5 12. Bxe4 (12. Qe3
Bxh6 13. Qxh6 Ndf6) 12... Bxh6 13. Qxh6 Bxe4 14. Ng5 $1 $36 (14. Qg7 Rf8 15.
Ng5)) 12. Ng3 e5 13. Bxg7 Kxg7 14. h4 d5 {white's attack is not so dangerous.
Black has a counterplay in the center} (14... h5 $5 15. Qg5 Qc7 16. Nf5+ Kg8)
15. h5 dxe4 16. hxg6 fxg6 (16... exd3 17. Qh6+ $18 {[%cal Gg3h5]}) 17. Qh6+ Kg8
18. Nxe4 Qe7 19. Nfg5 Nxe4 20. Nxe4 exd4 21. O-O-O Ne5 $132 {Waddingham,
G-Norwood,D/London Lloyds 1985/MCL 05/1-0 (36)}) 9... Ngf6 (9... Qc7 10. Rfe1 (
10. axb5 cxb5 11. Nd5 Qd8 12. Qa5 Bxd5 13. exd5 Nb6 14. Qc3 Kf8 15. Qc6 Nf6 16.
Bd2 Nfxd5 17. Be4 Rc8 18. Qb7 Rb8 19. Qxa6 Nc7 20. Qa2 $14 {
Maliutin-Rashkovsky, USSR 1991}) 10... b4 11. Ne2 c5 12. Ng3 e6 13. c3 bxc3 14.
bxc3 h6 15. d5 exd5 16. exd5 Ne7 17. Bf4 {1/2-1/2 Mukhametov,E-Zlochevskij,A/
RUS-Cup2 1996/EXP 56}) (9... b4 10. Ne2 c5 11. Ng3 Qc7 12. b3 $6 (12. Rfe1 $142
) 12... h5 (12... e6 {[%cal Gg8e7]}) 13. h3 Ngf6 14. Bg5 cxd4 15. Qxb4 e5 16.
Nh4 d5 (16... O-O 17. f4 $36) 17. Rae1 Bf8 18. Qd2 dxe4 19. Nxe4 Nxe4 20. Bxe4
Bxe4 21. Rxe4 Bg7 22. Qxd4 $16 {Kotan,L-Duriga,S/SVK-chT 1994/TD 94\03/1-0 (63)
}) 10. h3 {[%cal Ge4e5]} (10. axb5 $5 cxb5 11. Bh6) (10. Bh6) 10... O-O 11. e5
Ne8 12. Bh6 dxe5 13. Nxe5 Nef6 14. Bxg7 Kxg7 15. Rfe1 b4 16. Ne2 c5 17. Qe3 Rc8
18. Rad1 $14 {Belikov,V-Tseshkovsky,V/St.Petersburg op 1993/TD 93\09/1/2-1/2 
(43)}) 9. Bh6 O-O 10. Bxg7 Kxg7 11. e5 $16 Ng8 (11... Ne8 12. h4 $40 {[%cal
Gh4h5]}) 12. h4 c5 $6 (12... h5 13. Ne4 c5 14. dxc5 dxc5 15. Nxc5 (15. e6 $5)
15... Bxf3 16. gxf3 Qd4 17. Qc3 $16) 13. h5 Bxf3 (13... cxd4 14. hxg6 hxg6 15.
Ng5 dxe5 16. Rh7+ Kf6 17. Nce4+ {with decisive attack for white}) 14. gxf3 cxd4
15. hxg6 $18 hxg6 (15... fxg6 16. Ne4 {[%cal Ge4g5,Yg5e6,Yg5h7]} h6 17. exd6
$40 {[%cal Ge1c1]}) 16. Ne4 dxe5 17. Qg5 $6 {[%cal Gg5h4]} (17. Ng5 $1 Nc6 (
17... Nf6 18. Ne6+ $1) (17... e6 18. Rh7+ Kf6 19. Ne4+ Ke7 20. Qb4+ Kd7 21.
Nc5+ $18) 18. Rh7+ Kf6 19. f4 $1 $18 {for example:} (19. Ne4+ Ke6 20. Nc5+ Kd5
$1 21. b4 Qc7) 19... e6 20. fxe5+ Ke7 21. Qf4 {[%csl Rf7][%cal Gd3g6]}) 17...
Re8 (17... f5 18. Qh4 $1 Rf7 (18... fxe4 19. Qh7+ Kf6 20. Bxe4 {[%csl Ra8,Rg6]}
) 19. Qh8+ Kf8 20. Ng5 $18) 18. Qh4 Kf8 19. Qh8 {[%cal Gh1h7]} e6 20. Rh7 {
[%cal Rh8g7]} Ke7 21. Qxe5 {white is completely winning:he has decesive attack
with almost equal material balance on the board} Qd5 22. Qf4 (22. Qg7 $18 {
[%cal Gg7g6,Gg7f7]}) 22... Rf8 $2 (22... e5 $142 {was the last chance for
black in this game,but anyway it doesn't help} 23. Qg5+ Kf8 (23... Ke6 24. Qg4+
Ke7 25. Qxg6) (23... Kd7 24. axb5 {[%cal Yg5g6]}) 24. Nf6 $1 (24. Rh8 $6 {
[%cal Rh8g8]} Nd7) 24... Qd8 25. Rh8 (25. Rxf7+ $5 Kxf7 26. Qxg6+ (26. Bxg6+
Kf8 27. Nh7+ Kg7 28. Bxe8+ Qxg5 29. Nxg5 Nf6 $16) 26... Ke7 27. Qg7+ Kd6 28.
Ne4+ Kc6 (28... Kd5 29. Qb7+) 29. axb5+ Kb6 30. Qg6+ Ka7 (30... Nf6 31. Nxf6
Re6 32. Qe4) 31. b6+ Qxb6 32. Qxe8) 25... Kg7 26. Nxe8+ Qxe8 27. Qh4) 23. axb5
Nd7 24. Rxa6 Ne5 25. Kf1 Rxa6 26. bxa6 Ra8 27. b4 Kd8 28. Rxf7 (28. Rh8 $1 {
was winning at once} Kc7 29. Rxg8 Rxg8 30. Nf6 Qd6 31. Nxg8) 28... Nxf7 29.
Qxf7 Ne7 30. Qf8+ Kd7 31. Nf6+ Kd6 32. Nxd5 Rxf8 33. Nxe7 (33. Nxe7 Kxe7 34.
Be4 {[%cal Ga6a7]}) 1-0

[Event "Ciocaltea Memorial"]
[Site "Bucharest"]
[Date "1998.??.??"]
[Round "3"]
[White "Nisipeanu, Liviu Dieter"]
[Black "Nevednichy, Vladislav"]
[Result "1-0"]
[WhiteElo "2610"]
[BlackElo "2550"]
[Annotator "Yudasin,L"]
[PlyCount "133"]
[EventDate "1998.02.??"]
[EventType "tourn"]
[EventRounds "13"]
[EventCountry "ROU"]
[EventCategory "11"]
[SourceTitle "CBM 064"]
[Source "ChessBase"]
[SourceDate "1998.06.02"]
[SourceVersion "1"]
[SourceVersionDate "1998.06.02"]
[SourceQuality "1"]

1. e4 g6 2. d4 Bg7 3. Nc3 d6 4. Bc4 e6 (4... c6) 5. Nf3 a6 $6 (5... c6 {/\d5})
6. a4 b6 7. e5 $5 (7. O-O Bb7 8. Re1 Ne7 9. e5 d5 10. Bf1 c5) 7... d5 8. Ba2
Ne7 $6 (8... c5 9. Ne2 cxd4 10. Nexd4 Ne7 11. O-O Nbc6 $14) 9. Ne2 c5 10. c3
Nbc6 11. h4 (11. O-O a5 12. Re1 Ba6 13. Nf4 cxd4 14. cxd4 Nb4 $14 15. Bd2 Nec6)
11... h6 12. Bb1 a5 13. O-O Ba6 14. Re1 Rc8 15. Nf4 Qc7 (15... cxd4 16. cxd4
Nb4 17. Ra3 O-O 18. h5 (18. g4 $36 {/\Be3,Qd2}) 18... g5 19. Ne2 $36) 16. Ra3
$1 Rb8 (16... cxd4 17. cxd4 Nb4 18. Rc3 Qb7 19. Bd2) 17. Be3 c4 18. Nd2 $1 (18.
b3 cxb3 19. Rxb3 Bc4 20. Rb2 h5 $16) 18... Kd7 (18... b5 19. axb5 Rxb5 20. b3
cxb3 21. Nxb3) 19. Qg4 {/\Nh5} Rbg8 (19... Rhg8) 20. b3 cxb3 21. Rxb3 $16 h5
22. Qf3 Rc8 (22... Rb8 $5 {/\b5+/-}) 23. Nh3 Rhf8 24. Ng5 Rce8 25. Qh3 {
/\Nh7,Nf6,Nf3-e5[g5]} Rb8 26. Rb2 (26. Nh7 Rh8 27. Nf6+ Bxf6 28. exf6 Nf5 29.
Bxf5 gxf5 30. Nf3 Bd3 $16) 26... Nd8 27. Rc1 Qc6 28. Nh7 Qxa4 $5 (28... Rh8 29.
Nf6+ Bxf6 30. exf6 Nf5 31. Bxf5 exf5 32. Nf3 $40) 29. Nxf8+ Bxf8 30. Qf3 Qc6
31. Bg5 Rc8 32. Bd3 Bxd3 33. Qxd3 Nf5 $18 34. c4 Bb4 (34... b5 35. Rxb5 dxc4
36. Rxc4 Qxb5 37. Rc7+ $18) 35. Rbc2 Qa4 36. cxd5 Rxc2 37. Rxc2 Bxd2 38. Rxd2 (
38. dxe6+ Nxe6 39. Rxd2 $18) 38... exd5 39. Bxd8 Kxd8 40. Qc3 Qc4 (40... Nxh4
41. Rb2 Qc4 42. Qxc4 dxc4 43. Rxb6 $18) 41. Qb2 Kd7 42. Rd1 b5 43. Rc1 Qb4 (
43... Qa4 44. Rc5) 44. Qc2 (44. Qxb4 axb4 45. Rc5 Ke6 46. Rxb5 Nxd4 47. Rxb4
Kxe5 48. f4+ Ke4 49. Kf2 $18) 44... Qc4 45. Qd2 Qb4 46. Qxb4 (46. Qa2 Ne7 47.
Qc2 Qc4 48. Qb2 Qb4 49. Qxb4 axb4 50. Rc5 $18) 46... axb4 47. Rc5 Ke6 48. Rxb5
Nxd4 49. Rxb4 Kxe5 50. f4+ $1 Ke4 51. Kf2 Kd3 52. Rb7 f5 53. Rb6 (53. g3 $18)
53... Ne2 54. Rxg6 $2 (54. g3 d4 55. Rxg6 Nc3 56. Rh6 Ne4+ 57. Kf3 Nd2+ 58. Kg2
Ne4 59. Rxh5 Ke2 60. Rxf5 d3 61. Re5 Ke3 62. Rd5 Nc3 63. Rd8 d2 64. h5 $18)
54... Nxf4 55. Rh6 Ke4 56. g3 Nd3+ 57. Kg2 (57. Ke2 f4 58. Rxh5 fxg3 59. Rg5
Nf4+) 57... f4 58. Rxh5 d4 (58... f3+ 59. Kf1 d4 60. Ra5 (60. Rh6 {-58...d4})
60... Ne5 61. h5 d3 62. Ke1 Ng4 63. Ra4+ Ke3 64. Rxg4 f2+ 65. Kf1 d2 $19) 59.
Rh6 $1 (59. Rh8 f3+ 60. Kf1 Ne5 61. h5 Kf5 $5) 59... f3+ 60. Kf1 Ne5 61. h5 d3
(61... Ng4 62. Rg6 Ne3+ 63. Kf2 Nd1+ 64. Ke1 f2+ 65. Kf1 Kf3 66. Rf6+ Kxg3 67.
h6 Ne3+ 68. Ke2 Ng4 69. Rf3+ Kg2 70. Rxf2+ Nxf2 71. h7) 62. Rd6 Nc4 (62... Ke3
63. h6 d2 64. h7 Nd3 65. Re6+ Ne5 66. Rxe5+ Kd4 67. h8=Q d1=Q+ 68. Re1+) 63.
Rd8 Ne3+ (63... d2 64. Kf2) 64. Ke1 Ng4 (64... Nf5 65. g4 Nd4 66. h6) 65. Kd2
Ne5 66. Rf8 Nc4+ 67. Kc3 (67. Kc3 d2 68. Kc2 Ke3 69. Re8+ Kd4 70. h6 f2 71. Rf8
Ke3 72. h7 Nb2 (72... Ke2 73. Rxf2+) 73. Re8+ Kf3 (73... Kd4 74. h8=Q+) 74.
Kxd2 $18) 1-0

[Event "Ciocaltea Memorial"]
[Site "Bucharest"]
[Date "1998.??.??"]
[Round "1"]
[White "Vajda, Levente"]
[Black "Nevednichy, Vladislav"]
[Result "0-1"]
[WhiteElo "2440"]
[BlackElo "2550"]
[Annotator "Yudasin,L"]
[PlyCount "136"]
[EventDate "1998.02.??"]
[EventType "tourn"]
[EventRounds "13"]
[EventCountry "ROU"]
[EventCategory "11"]
[SourceTitle "CBM 064"]
[Source "ChessBase"]
[SourceDate "1998.06.02"]
[SourceVersion "1"]
[SourceVersionDate "1998.06.02"]
[SourceQuality "1"]

1. e4 d6 2. d4 g6 3. Nc3 a6 4. Be3 Bg7 5. Qd2 b5 6. a3 (6. Nf3) (6. f3) 6...
Bb7 7. g4 h5 (7... Nf6 8. f3 Nbd7 (8... h5 9. g5 Nfd7 10. O-O-O Nb6 $13 (10...
Qc8 $5)) 9. g5 Nh5 10. Nge2 c5 11. Ng3) 8. g5 e6 9. Nge2 $6 (9. f4 d5 (9... Ne7
10. Nf3 Nd7 11. Nh4 $5 $13 Nb6) 10. e5 (10. exd5 Ne7) 10... Ne7 11. a4 $36)
9... Ne7 10. h4 $6 (10. Bg2 h4 11. h3 (11. a4 h3 12. Bf3 b4 13. Nd1 a5 14. c3
$13) 11... d5 12. O-O $13) 10... Nd7 11. Bg2 (11. f3 d5 12. O-O-O Nb6 13. Nf4
$15) 11... d5 $1 12. Rd1 (12. e5 Nf5 {/\c5,Ne5} 13. b4 Nb6 14. Qd3 Nc4 15. Bc1
a5 $17) (12. exd5 Nb6 13. Nf4 Nexd5 14. Nfxd5 Nxd5 $17) (12. f3 $5) 12... O-O
13. Ng3 (13. O-O dxe4 14. Nxe4 Nf5 (14... Rb8) (14... Kh8) 15. Nf6+ Bxf6 16.
Bxb7 Rb8 17. gxf6 Rxb7 18. Bg5 $13) 13... Nb6 14. b3 dxe4 15. Ncxe4 Bxe4 $1 16.
Bxe4 (16. Nxe4 Nbd5 17. c4 bxc4 18. bxc4 Nxe3 19. fxe3 Nf5 $17) 16... Nbd5 17.
c4 bxc4 18. bxc4 Nxe3 19. Qxe3 (19. fxe3 Rb8 {/\Qd6,c5} 20. c5 Qd7 $36 (20...
Rb3 21. Bc2 Rb2 22. Qc3 Qb8 $17)) 19... c6 20. O-O Qc7 21. Rd3 Rad8 22. Rfd1
Rd7 23. d5 $2 (23. Ne2 Rfd8 24. Kg2 Qa5 {/\Qa4,c5,Nf5}) 23... cxd5 24. cxd5
exd5 25. Bxd5 Nxd5 26. Rxd5 Rxd5 27. Rxd5 Qc4 28. Qf3 (28. Qe4 Qc1+ 29. Kg2
Qxa3) 28... Qxh4 29. Ne4 Rc8 30. Rd1 (30. Kg2 Rc1 31. Rd8+ Kh7 32. Ng3 Qxg5 33.
Qxf7 h4 34. Rd7 Qe5 35. Nf1 h3+ $19) 30... Be5 31. Kg2 Kg7 32. Rd7 Qh2+ 33. Kf1
Qf4 34. Qxf4 Bxf4 35. Kg2 Rc7 36. Rd8 Rc4 37. Kf3 Bc1 $19 38. Nd6 $5 Bxg5 39.
Rd7 Rf4+ 40. Kg2 a5 41. Ra7 a4 42. f3 h4 43. Ne4 Kh6 44. Nd6 Kg7 45. Ne4 h3+
46. Kxh3 (46. Kg3 Bh4+ 47. Kxh3 Rxf3+ 48. Kg4 Re3 49. Nd6 Be7) 46... Rxf3+ 47.
Kg2 Rf5 48. Rxa4 Be7 49. Ra7 Re5 50. Kf3 Kh6 51. a4 (51. Kf4 Re6 {/\f5,BgR})
51... f5 52. Ng3 Bc5 53. Ra5 Kg5 54. Nf1 Re1 55. Kg2 Re2+ 56. Kg3 Rc2 57. Rb5
Rc3+ 58. Kg2 Kf4 59. Rb2 g5 60. Ra2 g4 61. a5 Kg5 62. a6 Ba7 63. Ng3 Rc5 64.
Rb2 Kh4 65. Ne2 Ra5 66. Ng3 f4 67. Ne4 Ra1 68. Kh2 Bg1+ (68... Bg1+ 69. Kg2 f3+
70. Kh1 Bd4+ $19) 0-1

[Event "Villa Martelli"]
[Site "Villa Martelli"]
[Date "1998.05.26"]
[Round "7"]
[White "Rodriguez Vila, Andres"]
[Black "Ginzburg, Maximiliano"]
[Result "1-0"]
[WhiteElo "2475"]
[BlackElo "2470"]
[Annotator "Yudasin,L"]
[PlyCount "63"]
[EventDate "1998.05.??"]
[EventType "tourn"]
[EventRounds "9"]
[EventCountry "ARG"]
[EventCategory "9"]
[SourceTitle "CBM 065"]
[Source "ChessBase"]
[SourceDate "1998.08.06"]
[SourceVersion "1"]
[SourceVersionDate "1998.08.06"]
[SourceQuality "1"]

1. e4 g6 2. d4 Bg7 3. Nc3 d6 4. Be3 a6 5. Qd2 b5 6. O-O-O (6. a4 b4 7. Nd5 a5
8. c3 e6 9. Nf4 Nf6 10. f3 bxc3 11. bxc3 O-O 12. Bd3 $13) 6... Bb7 7. f3 Nd7 8.
h4 (8. Kb1 c5 9. dxc5 dxc5 10. Nxb5 (10. Nd5 e6 11. Nf4 Qc7 12. h4 h5 13. Ngh3
Ngf6 $13) 10... axb5 11. Bxb5 Ngf6 (11... Bc8 12. Bxc5 $146) 12. e5 (12. Bxc5
Qc7 $13) 12... Nd5 13. c4 N5b6 14. Bxc5 O-O 15. Bxd7 Nxc4 16. Qe2 Nxe5 $40)
8... h5 9. Nh3 Rc8 $6 (9... c5 10. dxc5 (10. Kb1 Rc8 $13) 10... dxc5 (10...
Nxc5 11. Nxb5 $2 (11. Bd4 Nf6 12. e5 $16) 11... axb5 12. Bxc5 Rxa2 13. Bxb5+
Kf8 14. c3 Qa5 15. Bxd6 Bh6 16. Bf4 Qxb5 $19) 11. Nxb5 $2 (11. Ng5 $13) 11...
axb5 12. Bxb5 Ngf6 13. e5 Nd5 $13) 10. Ng5 c5 11. dxc5 Nxc5 $6 (11... dxc5 12.
Nd5 e6 13. Nf4 Ngf6 14. Be2 $13 {/\14...00 15.g4}) 12. Bd4 Nf6 13. Kb1 $14 Ncd7
(13... O-O 14. a3) 14. g3 (14. Rg1) 14... O-O 15. Rg1 $6 (15. g4 b4 16. Nd5
hxg4 17. h5 gxh5 18. fxg4 e5 (18... e6 19. gxh5 exd5 20. h6 Bh8 21. h7+) 19.
Be3 Bxd5 (19... Nxg4 20. Rxh5 Nxe3 21. Qxe3 Nf6 22. Rh4 $40 Nxd5 23. exd5) (
19... hxg4 20. Bd3 $146) 20. exd5 Nxg4 21. Rxh5 Nxe3 22. Qxe3 Nf6 23. Rh4 $40)
15... b4 16. Nd5 e5 (16... Nxd5 17. exd5 Bxd4 18. Qxd4 Qc7 19. Rg2 Qc5 20. Qd2
Nf6 21. Ne4 Nxe4 22. fxe4 $40 {/\g4}) 17. Nxf6+ Nxf6 18. Qxb4 $2 (18. Be3 d5
19. Qxb4 Bc6 20. Bc5 Re8 21. Bd3 $13) 18... exd4 (18... Bxe4 19. Bc3 (19. fxe4
exd4 20. Bxa6 (20. Qxd4 Ng4 21. Qxd6 Qa5 $146) (20. Bd3 d5 21. e5 Ne4 $13)
20... Rb8 $40 21. Qd2) (19. Nxe4 exd4 (19... Nxe4 $2 20. Bb6 Nc3+ 21. bxc3 Qd7
22. Rxd6) 20. Nxf6+ Qxf6 21. Bd3 Qxf3 22. Rdf1 $13) 19... Nd5 20. Qxe4 Nxc3+
21. bxc3 Qb6+ $17) 19. Qxb7 Rb8 20. Qxa6 Nd7 $1 (20... d3 21. Rxd3 {/\Rb3}) 21.
Qxd6 (21. Bd3 Nc5 22. Qc4 Qa5 23. e5 Rb4 24. Qd5 Rxb2+ 25. Kxb2 Nxd3+ $19)
21... Qa5 $2 (21... d3 22. c3 (22. Rxd3 Rxb2+ 23. Kc1 Qa5 24. Qxd7 Rfb8 25.
Qxf7+ Kh8 $19) (22. b3 dxc2+ 23. Kxc2 Qa5 $40) 22... Bxc3 23. b3 Qa5 24. Qxd7
Qa3 25. Rg2 Rxb3+) 22. Bc4 Rxb2+ (22... d3 23. Bb3 dxc2+ 24. Kxc2 {/\Qg6} Ne5
25. Rd5 Qa7 26. Rgd1 $16) 23. Kxb2 d3+ 24. Kc1 Ne5 (24... Qc3 25. Qxd3) (24...
dxc2 25. Kxc2 (25. Rd3 Ne5 26. Ra3 Nxc4 27. Rxa5 Nxd6 28. Kxc2 $18) 25... Rc8
$40) 25. Bxd3 Rd8 (25... Qc3 26. f4 Nxd3+ (26... Ra8 27. Qd5 Rb8 28. fxe5 Bxe5
29. Qxf7+) 27. Qxd3) 26. Qa6 $1 Qc3 (26... Nxd3+ 27. Rxd3 Qxa6 28. Rxd8+ Bf8
29. Rgd1 Kg7 30. R1d3 $16 {/\Rd7}) 27. Qb5 $1 Bf8 $2 (27... Nxd3+ 28. Rxd3 Qa1+
29. Qb1) (27... Qa3+ 28. Kd2 (28. Kb1 Nc6 29. Bc4 $2 (29. Qb3 Rb8 30. Bb5 Rxb5
31. Qxb5 Qc3 32. Kc1 (32. Rd8+ $1 Nxd8 33. Qe8+ Bf8 34. Qxd8 $18) 32... Qe3+
33. Kb1 Qc3) 29... Rb8 30. Bxf7+ Kh8 31. Rd8+ Rxd8 $19) 28... Nxd3 29. cxd3
Qxa2+ 30. Ke1 Bd4 31. Nh3 Qh2 $13) 28. Kb1 Bd6 (28... Nc6 29. Bc4 (29. Qb3 Rb8
30. Bb5 Rxb5 31. Qxb5 Nb4 32. Qa4 Bg7 33. Qe8+) 29... Rb8 30. Bxf7+ Kg7 31.
Qxb8 Nxb8 32. Rd3 $16) 29. Qb3 Rb8 30. Bb5 $18 Qc5 31. a4 Qc7 32. Rd5 {udasin}
1-0

[Event "SWE-ch"]
[Site "Skara"]
[Date "2002.07.14"]
[Round "13"]
[White "Wedberg, Tom Birger"]
[Black "Eriksson, Johan"]
[Result "1/2-1/2"]
[WhiteElo "2540"]
[BlackElo "2426"]
[Annotator "Ziegler,A"]
[PlyCount "124"]
[EventDate "2002.06.30"]
[EventType "tourn"]
[EventRounds "13"]
[EventCountry "SWE"]
[EventCategory "9"]
[SourceTitle "CBM 091"]
[Source "ChessBase"]
[SourceDate "2002.11.12"]
[SourceVersion "1"]
[SourceVersionDate "2002.11.12"]
[SourceQuality "1"]

1. e4 g6 2. d4 Bg7 3. Nc3 d6 4. Be3 c6 5. Qd2 Nd7 6. h4 h5 7. Nh3 b5 8. Ng5 Bb7
9. f4 {Var ett väldigt aggressivt drag.} ({Man kunde låtit bonden stanna på f3,
så att man behåller en viss satabilitet i centrum (läs e4-fältet).} 9. f3) 9...
Nh6 10. Be2 Nb6 11. f5 $6 {[#] "White is out for blood".} gxf5 12. Bxh5 Nc4 $1
13. Qc1 Qd7 {Johan tänker inte låta sig köras över.} 14. b3 {Här passerar vit
en gräns.} (14. exf5) 14... Nxe3 15. Qxe3 c5 {Bra drag. Vit har varit alldeles
för optimistisk och tvingas nu att lägga om kursen.} 16. Ne2 cxd4 $6 (16...
fxe4 17. O-O-O d5 18. dxc5 Qc6 {var ett spännande alternativ.}) 17. Nxd4 f4 $2
(17... fxe4 18. O-O-O Rc8 19. Nxe4 Be5 $1 {Svarts löpare dominerar hela brädet.
}) 18. Qd3 Rc8 19. O-O-O Be5 20. Qxb5 Qxb5 21. Nxb5 {[#]Vit har komit billigt
undan, dambyte och en nominell bonde över.} O-O 22. Nd4 Rc5 23. Bf3 Ba6 24. Rd2
Rfc8 25. Bd1 Kf8 26. Kb1 Rc3 {hotar Te3.} 27. Nh3 $6 (27. Ngf3 {var enkelt och
bra, med i princip fullständig konsolidering.} Re3 28. Nxe5 dxe5 29. Nf5 Nxf5
30. exf5 Bb7 31. c4) 27... Re3 28. Nf2 Ng8 29. Bf3 Nf6 30. Rhd1 Bb7 {[#]Johan
spelar riktigt bra idag. Nästan alla hans pjäser har offensiva positioner.} 31.
Rd3 e6 $6 {Men nu kräver han för mycket av ställningen igen.} (31... Nxe4 32.
Nxe4 Bxe4 (32... Rxe4 $5) 33. Rxe3 fxe3 34. Bxe4 Bxd4 {Med remi.}) 32. Nb5 Ba6
33. a4 (33. Nxd6 Rxd3 34. Rxd3 Rb8 35. c4 Ke7 36. Nb5 Bxb5 37. cxb5 Rh8 {
Är nära remi.}) 33... Bxb5 34. axb5 Ke7 35. h5 Rh8 36. Rh1 Rh6 37. Nd1 {
Tom är inte riktigt vän med springaran idag. Nu tillåter han svartfältaren
dominera d1-springaren.} Rxd3 38. cxd3 Bd4 39. Nb2 d5 $1 {Vart skall den vita
springaren gå?} 40. Rc1 dxe4 {Lite tveksamt. Vit får ett fält på c4.} 41. dxe4
Rh7 42. Nd3 (42. Rh1 {Svart kunde gott få svettas lite till där bakom bonden.})
42... Nxh5 43. Rc7+ Kd6 44. Rc6+ Ke7 45. Rc7+ Kd6 46. Rc6+ Ke7 47. Nc5 {
Det handlar om lite placeringar. Tom gör ett sista vinstförsök.} Ng3 48. b4
Rh1+ 49. Kc2 Ra1 50. Rc7+ Kf6 51. Kd3 e5 52. Rc6+ Ke7 53. Rc7+ Kf6 54. Rc6+ Ke7
55. Kc4 Nf1 $1 {[#]säkrar remin.} 56. Rc7+ Kd8 57. Rxf7 Ne3+ 58. Kd3 Ra3+ 59.
Ke2 Ra2+ 60. Kd3 Ra3+ 61. Ke2 Ra2+ 62. Kd3 Ra3+ {Det var nog många som trodde
att Tom skulle vinna, men Johan bet ifrån.} 1/2-1/2

[Event "SWE-ch"]
[Site "Linkoping"]
[Date "2001.07.06"]
[Round "6"]
[White "Couso, Luis"]
[Black "Akesson, Ralf"]
[Result "1-0"]
[WhiteElo "2348"]
[BlackElo "2467"]
[Annotator "Ziegler,A"]
[PlyCount "78"]
[EventDate "2001.06.30"]
[EventType "tourn"]
[EventRounds "13"]
[EventCountry "SWE"]
[EventCategory "8"]
[SourceTitle "CBM 085"]
[Source "ChessBase"]
[SourceDate "2001.11.13"]
[SourceVersion "1"]
[SourceVersionDate "2001.11.13"]
[SourceQuality "1"]

1. e4 g6 2. d4 Bg7 3. Nc3 d6 4. Be3 a6 {Det här är en av Tigers specialare.
Svart spelar på gränsen till ruinens brant. Ett misstag och det är 1-0.} 5. Qd2
Nd7 6. a4 b6 7. f3 Bb7 8. Nh3 (8. h4 $5) 8... e6 {Ralf länkar över spelet till
"Noshörningsförsvaret". Något som även Agrest begagnar sig av fårn och till.}
9. Be2 h6 10. Nf2 Ne7 {[#] Tänk när juniorerna får se detta!} 11. O-O d5 (11...
c5 {Står högre upp på önskelistan.}) 12. exd5 exd5 13. Rfe1 c5 {Svart spelar
alldeles för ambitiöst. Vit är färdigutvecklad och är den som skall börja
mobilisera för angrepp. Svart blir aggressiv i centrum. Det gynnar vit som är
redo att möta mittspelet.} (13... Nf5 $2 14. Bxa6 Bxa6 15. Bg5+) 14. Bf1 Kf8 {
Svart beslutar sig för konstgjord rockad, vilket innebär förlust av tre tempon.
Tre tempon bruakr vara värt en bonde så nu har vit många möjligheter till sitt
förfogande.} (14... Nf8 {Följt av Se6 var säkrare.}) 15. dxc5 bxc5 16. Bf4 {
Hotar Ld6 så klart.} Kg8 17. Rad1 {Luis spelar mycket välbalanserat. Pjäserna
ställs på naturliga rutor, vilket kommer att gynna vit när det hela börjar
öppnas upp.} Kh7 18. Ng4 h5 19. Ne5 Nxe5 20. Bxe5 f6 {Svarts kungsflygel är nu
kraftigt försvagad. Endast en extrem taktisk uppmärksamhet kan rädda
ställningen.} 21. Bf4 Re8 22. Re6 Qd7 23. Rd6 Qc8 24. Re1 d4 $6 (24... Nf5 25.
Rxe8 Qxe8 26. Rb6 Qf7 {Var uthålligare.}) 25. Ne4 {[#] Vit får en pjäs gratis
till kungsflygeln.} Nd5 26. Bc4 $6 ({Vit behöver inte forcera spelet, utan kan
lugn behålla löparparet med:} 26. Bg3) (26. Rxd5 Bxd5 27. Nd6 Qd7 28. Nxe8 Rxe8
29. Rxe8 Qxe8 30. Qa5 {Ger vit en liten fördel, men Luis vill ha mer.}) 26...
Qf5 (26... Nxf4 27. Qxf4 Bxe4 28. Rxe4 {Ger vit ett fruktat angrepp på de vita
fälten runt svarts kung.} Qb7 {Om vi skall tro Simagin, citerad av Dvoretskij
i Positional Play, behöver vit inte gardera små damflygelbönder i mittspel med
olikfärgade löpare.} 29. Bd3 Qxb2 30. Rd7) 27. Bxd5 $6 (27. Bg3 $1 Ne3 28.
Nxf6+ Bxf6 29. Bd3 $1) 27... Bxd5 28. Nxc5 Rxe1+ 29. Qxe1 Bxf3 $6 30. Ne6 Be4
$6 31. Bg3 Re8 32. Nxd4 Qc5 33. Qf2 {[#] Så här långt har spelet varit något
sånär rätlinjigt, men det som följer nu ser ut som ett parti "enminuters".} (
33. b4 $5) 33... h4 34. Ne6 Qh5 $2 (34... Qc4) 35. Nxg7 $2 (35. Bxh4) 35...
hxg3 36. hxg3 Kxg7 37. Qxf6+ Kh6 38. Qf4+ Qg5 39. Qf7 $4 (39. Rxa6 {Ger vissa
överlevnadschanser.}) 39... Qe3+ {Svart står bättre, men samtidigt som han
utför draget förlorar han på tid.} (39... Qxg3 $1 {Vinner direkt.}) 1-0